| 000 | 00431cam a22001814a 4500 | ||
|---|---|---|---|
| 005 | 20250605164114.0 | ||
| 008 | 250528s ||||||||||||||||||||||||d | ||
| 035 | _a18017 | ||
| 040 |
_aGR-AtMCL _bgre _dGR-AtMCL _eAACR2 |
||
| 245 | 1 | _aΚΑΤΑΣΤΑΣΕΙΣ ΤΟΜΟΣ Α | |
| 250 | _a1 | ||
| 300 | _a205 | ||
| 700 | 1 |
_aSartre Jean Paul _9505 |
|
| 942 | _cBK | ||
| 260 | _bΑρσενιδης | ||
| 999 |
_c3409 _d3409 |
||